Acteurs en P (par images). - Statistiques

Statistiques générales
  • Ce quiz a été pris 603 fois
    226 depuis la dernière actualisation
  • Le résultat moyen est 9 sur 20
Statistiques - réponses
Par images Réponse % Correct
Brad Pitt
99%
Robert Pattinson
83%
Natalie Portman
78%
Joaquin Phoenix
66%
Chris Pratt
61%
Al Pacino
59%
Sean Penn
59%
Benoît Poelvoorde
58%
Chris Penn
57%
Gwyneth Paltrow
54%
Pedro Pascal
54%
Florence Pugh
40%
Michelle Pfeiffer
32%
Michel Piccoli
23%
Joe Pesci
19%
Sidney Poitier
19%
Will Poulter
19%
Anthony Perkins
17%
Gregory Peck
15%
Christopher Plummer
4%
Aucun quiz correspondant
Distribution des résultats
% des personnes avec chaque résultat
Percentile par nombre de réponses
Votre historique - résultats
Vous n’avez pas pris ce quiz depuis la dernière actualisation